La Fonoteca /

Na minha lista:
Detalhes bibliográficos
Autor principal: Miranda Regojo, Fátima (autor)
Formato: Livro
Idioma:espanhol
Publicado em: Madrid, España : Fundación Germán Sánchez Ruipérez, 1990, c1990
Colecção:(Biblioteca del Libro)
Assuntos:
Tags: Adicionar Tag
Sem tags, seja o primeiro a adicionar uma tag!

MARC

LEADER 00000nam^a2200000^a^4500
001 000050958
005 20250521000000.0
009 20260310090300.686
020 |a 84-86168-51-1 
037 |a Acervo ITESO - Biblioteca 
041 |a ESP 
082 |a 025. 288  |b MIR 
100 |a Miranda Regojo, Fátima  |e (autor) 
245 1 3 |a La Fonoteca /  |c F. Miranda Regojo. 
264 4 |a Madrid, España :  |b Fundación Germán Sánchez Ruipérez,  |c 1990, c1990 
300 |a 286 p. 
336 |a texto  |b txt  |2 rdacontenido 
337 |a sin mediación  |b n  |2 rdamedio 
338 |a volumen  |b nc  |2 rdasoporte 
440 1 |a (Biblioteca del Libro) 
649 |a XX 
650 |a Bibliotecas -  |x Servicios Audiovisuales 
650 |a Biblioteconomía 
910 |a Fondo General 
920 |a Impresos - Libros 
930 |a Obras de Referencia 
905 |a 102 
901 |a 0500008061  |b IT2  |c REF  |u 20250521 
902 |a https://opac.biblio.iteso.mx/vufind/Record/000050958